VEHICLE AND MILITARY HANDBOOK (Record no. 581196)

000 -LEADER
fixed length control field 00265nam a22001217a 4500
082 ## - DEWEY DECIMAL CLASSIFICATION NUMBER
Classification number 628.046 VEH'R
100 ## - MAIN ENTRY--PERSONAL NAME
Personal name ROYEL MILITARY
9 (RLIN) 75792
245 ## - TITLE STATEMENT
Title VEHICLE AND MILITARY HANDBOOK
250 ## - EDITION STATEMENT
Edition statement 4TH
260 ## - PUBLICATION, DISTRIBUTION, ETC.
Place of publication, distribution, etc. USA
Name of publisher, distributor, etc. RERUM
Date of publication, distribution, etc. 1979
300 ## - PHYSICAL DESCRIPTION
Extent 12F-3
942 ## - ADDED ENTRY ELEMENTS (KOHA)
Koha item type Book
Holdings
Withdrawn status Lost status Damaged status Not for loan Permanent Location Current Location Shelving location Date acquired Total Checkouts Full call number Barcode Date last seen Price effective from Koha item type
        College of Electrical & Mechanical Engineering (CEME) College of Electrical & Mechanical Engineering (CEME) General Stacks 05/24/2017   628.046 VEH'R CEME-12416 06/28/2021 06/28/2021 Book
© 2023 Central Library, National University of Sciences and Technology. All Rights Reserved.